00857nam a22002297a 450000500170000000800410001702000180005804000250007604100080010104400070010908200170011624500560013326000420018930000380023150400670026950501320033665000080046865000210047665000290049770000520052670000490057820150121164747.0150121b2014 ck il. |r|||| 00| 0 spa d a9789589875346 aCo-BoIAVHcCo-BoIAVH aspa ack04a553.41bO74o03aEl oro :btodo lo que debes saber en 100 preguntas aBogotá:bAnglo Gold Ashanti,c2014. a183 p.bfot. (col), mapasc26 cm. aIncluye referencias bibliográficas (pag. 180-181) e índice aGeneralidades (pag. 15) Mitología (pag. 66) Curiosidades (pag. 76) Mercado e industria del oro (pag. 84) Minería (pag. 126) 6aOro 6aMinerales de oro 6aOroxMercado e industria 1aGarzón-Carrillo, DiegoeDirección editorial 1aQuintero-Sinisterra, Alejandraefotografía